| 000 | 00345nam a2200133Ia 4500 | ||
|---|---|---|---|
| 008 | 240624s9999 xx 000 0 und d | ||
| 041 | _aeng | ||
| 082 | _a338.76 DEL | ||
| 100 | _aDELL MICHAEL | ||
| 245 | _aDIRECT FROM DELL STRATEGIES THAT REVOLUT | ||
| 260 |
_c2000 _aIndustry _bProfile Books |
||
| 300 | _a256 , p. , 25 , cm. | ||
| 365 |
_cBPS _b15 |
||
| 999 |
_c7806 _d7806 |
||